000 00627nam a2200133Ia 4500
008 160809s9999 xx 000 0 und d
100 _aZvinavashe, Mathilda.
245 _aKnowledge Levels of Male Circumcision among Pregnant Women at a Referral Health Institution: A Pilot Study
245 _cMathilda Zvinavashe, Chikura Nyagura, Zvinavashe AP, Doreen Mukona, Augustine Ndaimani, Maxwell Mhlanga and Clara Haruzivishe.
260 _bJournal of Nursing and Care
260 _cFebruary 2016
650 _xNURSING
856 _uhttp://www.omicsgroup.org/journals/ArchiveJNC/jnc-archive.php?journal=jnc&month=February&year=2024
999 _c300157
_d300157